Костер в ночи: [роман]; пер. с англ.

Manylion Llyfryddiaeth
Prif Awdur: Стюарт М. Мэри
Crynodeb:Исключено из фонда НТБ ТПУ
Iaith:Rwseg
Cyhoeddwyd: Москва, Эксмо, 2008
Cyfres:Mona Liza
Fformat: Llyfr
KOHA link:https://koha.lib.tpu.ru/cgi-bin/koha/opac-detail.pl?biblionumber=137216

MARC

LEADER 00000nam0a2200000 4500
001 137216
005 20231031140950.0
010 |a 9785699267958 
035 |a (RuTPU)RU\TPU\book\148708 
090 |a 137216 
100 |a 20080507d2008 m y0rusy50 ca 
101 1 |a rus  |c eng 
102 |a RU 
105 |a y z 000ay 
200 1 |a Костер в ночи  |e [роман]  |e пер. с англ.  |f М. Стюарт 
210 |a Москва  |c Эксмо  |a СПб.  |c Домино  |d 2008 
215 |a 272 с. 
225 1 |a Mona Liza 
333 |a Исключено из фонда НТБ ТПУ 
700 1 |a Стюарт  |b М.  |g Мэри 
801 1 |a RU  |b 63413507  |c 20080507  |g PSBO 
801 2 |a RU  |b 63413507  |c 20220504  |g PSBO 
942 |c BK